Mis historias perdidas /
Guardado en:
| Autor Principal: | |
|---|---|
| Formato: | Libro |
| Publicado: |
Buenos Aires :
Libros del Zorro Rojo,
2014
|
| Materias: | |
| Etiquetas: |
Agregar Etiqueta
Sin Etiquetas, Sea el primero en etiquetar este registro!
|
| LEADER | 00691nam a22002295a 4500 | ||
|---|---|---|---|
| 001 | CEM.cems015274 | ||
| 005 | 20191101154132.0 | ||
| 008 | 130507s2014##################000#0#####d | ||
| 003 | CEMS | ||
| 020 | |a 9789871948338 | ||
| 082 | 0 | 4 | |a 863.6 |
| 100 | 1 | |a López Domínguez, Xan | |
| 245 | 1 | 0 | |a Mis historias perdidas / |c Xan López Domínguez |
| 260 | |a Buenos Aires : |b Libros del Zorro Rojo, |c 2014 | ||
| 300 | |a 24 p. | ||
| 653 | |a Literatura | ||
| 653 | |a Literatura española | ||
| 653 | |a Literatura infantil | ||
| 653 | |a Cuentos infantiles | ||
| 653 | |a Colección ciencias de la educación | ||
| 653 | |a Libro Álbum | ||
| 859 | |a CEMS |b BIB. CEMS - Ccias. Educacion |h 863.6 |i L881 |k CE |p 28514.19 |t Ej.1 | ||
